| 000 | 00742nam a2200205Ia 4500 | ||
|---|---|---|---|
| 003 | GCL | ||
| 008 | 140319s9999 xx 000 0 ara d | ||
| 020 | _a8259917977 | ||
| 040 |
_aGCL / _cGCL |
||
| 082 | 0 | 4 |
_a004.678 _bا د |
| 100 | 1 | _aاحمد رزيقة | |
| 245 | 1 | 0 |
_aدليل المواقع الترفيهية ومواقع المعلومات العامة / _cاحمد رزيقة |
| 260 |
_aالقاهرة : _bدار البراء ، _c2005 |
||
| 300 |
_a112 ص ؛ _c18 سم |
||
| 490 |
_aسلسلة الأدلة العربية المتخصصة لمواقع الأنترنت _v0 |
||
| 650 | 0 | 4 | _aالإنترنت |
| 650 | 0 | 4 | _aالإنترنت - مواقع |
| 650 | 0 | 4 | _aالإنترنت - مواقع ترفيهية |
| 942 |
_2ddc _cBK |
||
| 999 |
_c9211 _d9211 |
||